Essentials in Community Health Nursing Practice / (Record no. 1324)

MARC details
000 -LEADER
Fixed length control field 00553nam a2200205Ia 4500
003 - CONTROL NUMBER IDENTIFIER
Control field IIN
005 - DATE AND TIME OF LATEST TRANSACTION
Control field 20250521123736.0
008 - FIXED-LENGTH DATA ELEMENTS--GENERAL INFORMATION
Fixed length control field 231217s2022 xx ad 001 0 eng d
020 ## - INTERNATIONAL STANDARD BOOK NUMBER / ISBN
Price Rs.1095.00
International Standard Book Number 9789354656675
040 ## - CATALOGING SOURCE
Original cataloging agency IIN
Language of cataloging English
082 ## - DEWEY DECIMAL CLASSIFICATION NUMBER
Classification number 610.7343
Book Number KAM
100 1# - MAIN ENTRY--PERSONAL NAME
Personal name Kamalam, S
245 1# - TITLE STATEMENT
Title Essentials in Community Health Nursing Practice /
Statement of responsibility S. kamalam
250 ## - EDITION STATEMENT
Edition statement 4th ed
260 ## - IMPRINT
Place of publication New Delhi
Name of publisher Jaypee
Date of publication 2022
300 ## - PHYSICAL DESCRIPTION
Page / Vol. No xxxiv, 942p.
500 ## - GENERAL NOTE
General note Includes Index
650 1# - SUBJECT ADDED ENTRY--TOPICAL TERM
Topical term Community Health Nursing
Form subdivision Practice
942 ## - ADDED ENTRY ELEMENTS (KOHA)
Koha item type Books
Holdings
Withdrawn status Lost status Source of classification Damaged status Not for loan Collection code Home library Current library Date acquired Price Total Checkouts Call number Accession number Date last seen Copy number Price effective from Koha item type Date checked out Shelving location
    Dewey Decimal Classification       IDEAL INSTITUTE OF NURSING IDEAL INSTITUTE OF NURSING 17/12/2023 1095.00   610.7343 KAM 1317 17/12/2023 1 17/12/2023 Books    
    Dewey Decimal Classification       IDEAL INSTITUTE OF NURSING IDEAL INSTITUTE OF NURSING 17/12/2023 1095.00 1 610.7343 KAM 1318 20/01/2025 2 17/12/2023 Books 11/01/2025  
    Dewey Decimal Classification       IDEAL INSTITUTE OF NURSING IDEAL INSTITUTE OF NURSING 17/12/2023 1095.00   610.7343 KAM 1319 17/12/2023 3 17/12/2023 Books    
    Dewey Decimal Classification       IDEAL INSTITUTE OF NURSING IDEAL INSTITUTE OF NURSING 11/03/2025 1150.00   610.7343 KAM 2053 21/05/2025 4 17/12/2023 Books   General Stacks
© Ideal Institute Of Nursing, All rights reserved.         Powered by Koha